OECD international direct investment statistics 2012

Saved in:
Bibliographic Details
Format: Book
Language:English
Published: Paris OECD 2012
Subjects:
Tags: Add Tag
No Tags, Be the first to tag this record!

MARC

LEADER 00000nam$a2200000$$$4500
001 0175487
005 20240313135049.2
020 |a 978-92-64-18570-8 
041 0 |a eng 
044 |a FR 
245 1 0 |a OECD international direct investment statistics 2012 
264 1 |a Paris  |b OECD  |c 2012 
300 |a 227 s. 
610 2 0 |a investície priame zahraničné 
610 2 0 |a údaje štatistické medzinárodné 
610 2 0 |a porovnanie štatistické medzinárodné